Understanding research for nursing students

Saved in:
Bibliografiske detaljer
Hovedforfatter: ELLIS, Peter
Format: Bog
Sprog:engelsk
Udgivet: SAGE 2016.
Tags: Tilføj Tag
Ingen Tags, Vær først til at tagge denne postø!

MARC

LEADER 00000nam a22000007a 4500
008 210414b ||||| |||| 00| 0 eng d
020 |a 978-1-4739-1931-0 
100 |a ELLIS, Peter. 
245 |a Understanding research for nursing students  |c Peter Ellis.   |e Trans forming nursing practice  |g xi, 164p; ill. 
250 |b 3rd ed.  
260 |b SAGE  |c 2016.  |h Los Angeles  |i 693331  |i 693332  |l RT81.5 .El5  |m Nursing – Research. 
500 |a “It includes references and index” 
942 |a lcc  |c BK  |e YUNUSA, A.A.  |f 14/4/21 
952 |0 0  |1 0  |2 lcc  |4 0  |6 RT00815 E L5  |7 0  |9 2132  |a HOL  |b HE  |c QZ  |d 2021-04-14  |l 0  |o RT81.5 .El5  |p 2021-5986  |r 2021-04-14 00:00:00  |w 2021-04-14  |y BK 
952 |0 0  |1 0  |2 lcc  |4 0  |6 RT00815 E L5  |7 0  |9 2133  |a HOL  |b HOL  |c QZ  |d 2021-04-14  |l 0  |o RT81.5 .El5  |p 2021-5987  |r 2021-04-14 00:00:00  |w 2021-04-14  |y BK 
999 |c 1108  |d 1108